01348nam a2200337Ia 4500001001200000003000800012006001900020007001500039008004100054010001700095020001500112040002100127035002000148050002200168082001200190245012300202260005200325300001800377490006200395504005100457533015200508650003800660650002300698650003100721655002900752700003500781710001700816830003400833856012600867999001700993ebr10080014CaPaEBRm u cr cn|||||||||050106s2005 pau sb 001 0 eng d z 2005041002 z1588116239 aCaPaEBRcCaPaEBR a(OCoLC)7077414314aP201b.U36 2005eb04a41522200aUG and external systemsh[electronic resource] :blanguage, brain, and computation /cedited by Anna Maria Di Sciullo. aPhiladelphia, PA :bJohn Benjamins Pub.,c2005. axviii, 395 p.1 aLinguistik aktuell/Linguistics today,x0166-0829 ;vv. 75 aIncludes bibliographical references and index. aElectronic reproduction.bPalo Alto, Calif. :cebrary,d2009.nAvailable via World Wide Web.nAccess may be limited to ebrary affiliated libraries. 0aGrammar, Comparative and general. 0aPsycholinguistics. 0aComputational linguistics. 7aElectronic books.2local1 aDi Sciullo, Anne-Marie,d1951-2 aebrary, Inc. 0aLinguistik aktuell ;vBd. 75.40uhttp://site.ebrary.com/lib/rucke/Doc?id=10080014zAn electronic book accessible through the World Wide Web; click to view c74292d74292